The Science & Engineering of Cutting / (Record no. 32846)
[ view plain ]
| 000 -LEADER | |
|---|---|
| fixed length control field | 00396nam a22001697a 4500 |
| 003 - CONTROL NUMBER IDENTIFIER | |
| control field | NUST |
| 020 ## - INTERNATIONAL STANDARD BOOK NUMBER | |
| International Standard Book Number | 978-93-80501-840 |
| 038 ## - RECORD CONTENT LICENSOR | |
| Staff Name | khadija |
| 082 ## - DEWEY DECIMAL CLASSIFICATION NUMBER | |
| Classification number | 620.1 |
| Author Mark | ATK |
| 100 ## - MAIN ENTRY--PERSONAL NAME | |
| Personal name | Atkins, Tony |
| 9 (RLIN) | 82858 |
| 245 ## - TITLE STATEMENT | |
| Title | The Science & Engineering of Cutting / |
| 260 ## - PUBLICATION, DISTRIBUTION, ETC. | |
| Place of publication, distribution, etc. | New York : |
| Name of publisher, distributor, etc. | Elsevier, Place |
| Date of publication, distribution, etc. | 2011. |
| 300 ## - PHYSICAL DESCRIPTION | |
| Extent | 413 p. ; |
| 500 ## - GENERAL NOTE | |
| General note | Paperback. |
| 563 ## - BINDING INFORMATION | |
| Binding note | PB |
| 942 ## - ADDED ENTRY ELEMENTS (KOHA) | |
| Koha item type | Book |
| Source of classification or shelving scheme | |
| Withdrawn status | Lost status | Source of classification or shelving scheme | Damaged status | Not for loan | Permanent Location | Current Location | Shelving location | Date acquired | Total Checkouts | Full call number | Barcode | Date last seen | Date last checked out | Price effective from | Koha item type | Public note |
|---|---|---|---|---|---|---|---|---|---|---|---|---|---|---|---|---|
| School of Mechanical & Manufacturing Engineering (SMME) | School of Mechanical & Manufacturing Engineering (SMME) | General Stacks | 12/01/2015 | 1 | 620.1 ATK | SMME-1695 | 07/02/2024 | 07/02/2024 | 12/01/2015 | Book | Rack,42-Shelf,2 |
